000 00803na a2200253 4500
001 17050
003 MIRAKIL
005 20181213154911.0
008 161021b tu 000 0
020 _a978975194863
040 _aMilas
_btur
_cTR-AnCHP
041 _atur
082 _a338.1021
_bY86t 2009
090 _a338.1021 Y86t 2009
100 _aSaçlı, Yurdakul
245 _aTürkiye'de tarım istatistikleri
_bgelişimi, sorunlar ve çözüm önerileri
_cYurdakul Saçlı
260 _aAnkara
_bDevlet Planlama Teşkilatı
_c2009
300 _axix, 156 s.
_btbl.; hrt.
_c23 sm.
440 _aDevlet Planlama Teşkilatı
_vyayın no: 2792
504 _aKaynakça var.
650 _aHayvancılık istatistikleri
_zTürkiye
650 _aTarım istatistikleri
_zTürkiye
942 _2dcc
_cBKS
999 _c2854
_d2854